000 00800nam a22002171 4500
003 OSt
005 20240724121822.0
008 240724
040 _cNUST
_aNUST
_beng
_dNUST
_erda
050 _aTH145 JAG
100 _aJaggard, Walter Robert.
_eAuthor
245 1 0 _aArchitectural building construction ,vol 3:
_ba text book for the architectural and building student /
_c Walter R. Jaggard
260 _aLondon :
_b University Press,
_c©1937.
300 _axxii, 287 pages. :
_billustration.;
_c22 cm.
336 _2rdacontent:
_atext:
_btxt:
337 _2rdamedia:
_aunmediated:
_bn:
338 _2rdacarrier:
_avolume:
_bnc:
650 _aBuilding Construction
700 1 _aDrury, Francis Edison,
_e Author.
942 _cBOOKS
_kTH
_mJAG
_2lcc
_hTH145 JAG
_n0
999 _c170900
_d170900